LEADER 03649oam 22004572 450 001 9910511427403321 005 20190826145055.0 010 $a90-04-39101-0 010 $a90-04-39020-0 024 7 $a10.1163/9789004391017 035 $a(CKB)4910000000122155 035 $a(MiAaPQ)EBC5634149 035 $a(nllekb)BRILL9789004391017 035 $a(EXLCZ)994910000000122155 100 $a20181022d2019 uy 0 101 0 $aeng 135 $aurcnu|||||||| 181 $ctxt$2rdacontent 182 $cc$2rdamedia 183 $acr$2rdacarrier 200 14$aThe operation of international law in the Russian legal system : $ea changing approach /$fBy Sergey Yu. Marochkin 210 1$aLeiden :$cBrill Nijhoff,$d2019. 215 $a1 online resource (324 pages) 225 0 $aBrill's Asian law series ;$v8 320 $aIncludes bibliographical references and index. 327 $aFront Matter -- Copyright Page -- Dedication -- Acknowledgements -- Abbreviations -- Introduction -- Norms and Sources of International Law in the Legal System of the Russian Federation -- A Fleeting Glance Back -- On the Concept of National and International Legal Systems -- The Capacity and Role of Norms of International Law in the Legal System of the Russian Federation -- International Law Sources and Sources of Law of the Russian Federation -- Interaction between Legal Force of International and Russian Law Norms -- Legal and Organizational Basics for Operation and Realization of International Law Norms in the Legal System of the Russian Federation -- Legal Conditions for Operation and Realization -- Types of Reference Rules and Their Impact on Operation and Realization of Norms of International Law -- Ensuring the Operation and Realizationof International Law Norms at theOrganizational Level -- Federal, Regional and Local Levels -- Practical Aspects of the Operation and Realization of International Norms in the Legal System of the Russian Federation -- Forms, Spheres, and Functions -- Self-executing and Non-self-executing Norms of IL -- On the Procedure (Methodology) of Applying International Treaty Norms -- Other International Rules and Instruments in the Legal System of Russia -- The Issue under Study through the Prism of International and National Rule of Law -- Conclusion. 330 $aThis book addresses the increased role and standing of international law in the Russian legal system through analysis of judicial practice since the adoption of the Russian Constitution in 1993. The issue of interaction and hierarchy between international and domestic law within the Russian Federation is studied, combining theoretical, legal and institutional elements. Sergey Marochkin explores how methods for incorporating and implementing international law (or reasons for failing to do so) have changed over time, influenced by internal and global policy. The final sections of the book are the most illustrative, examining how 'the rule of law? remains subordinate to ?the rule of politics?, both at the domestic and global level. 410 0$aBrill's Asian Law Series$v8. 606 $aInternational and municipal law$zRussia (Federation) 606 $aInternational law$zRussia (Federation) 608 $aElectronic books. 615 0$aInternational and municipal law 615 0$aInternational law 676 $a341.0947 700 $aMarochkin$b S. I?U?$g(Sergei? I?U?r?evich),$01067928 801 0$bNL-LeKB 801 1$bNL-LeKB 906 $aBOOK 912 $a9910511427403321 996 $aThe operation of international law in the Russian legal system$92552218 997 $aUNINA LEADER 02263nas 2200457 n 450 001 990008896260403321 005 20240229084550.0 011 $a0365-6535 035 $a000889626 035 $aFED01000889626 035 $a(Aleph)000889626FED01 035 $a000889626 091 $2CNR$aP 00008640 100 $a20161109b19501976km-y0itaa50------ba 101 0 $afre 102 $aFR 110 $aauu-------- 200 1 $aAnnales scientifiques de l'Université de Besancon. Botanique 207 1$a1950-1976 210 $aBesancon$cInstitut des Sciences naturelles 430 0$1001000889619$12001$aAnnales scientifiques de Franche-Comté. Botanique 440 0$1001000889625$12001$aAnnales scientifiques de l'Université de Besancon. Biologie vegetale 530 0 $aAnnales scientifiques de l'Université de Besancon. Botanique 675 $a58 675 $a001.891 676 $a580 676 $a001.4 712 02$aUniversité de Besançon 801 0$aIT$bACNP$c20090723 859 4 $uhttp://acnp.cib.unibo.it/cgi-ser/start/it/cnr/dc-p1.tcl?catno=4126&person=false&language=ITALIANO&libr=&libr_th=unina1$zBiblioteche che possiedono il periodico 901 $aSE 912 $a990008896260403321 958 $aBiblioteca Centralizzata. Facoltà di Agraria dell'Università Federico II di Napoli$b1950-1958;1961-1976.$fFAGBC 958 $aBiblioteca. Dipartimento di Scienze biologiche. Sez. di Biologia vegetale. Università degli studi di Napoli Federico II$b1954-1974;1976.$fDBV 959 $aFAGBC 959 $aDBV 996 $aAnnales scientifiques de l'Université de Besancon. Botanique$9801413 997 $aUNINA AP1 8 $6866-01$aNA087 Biblioteca Centralizzata. Facoltà di Agraria dell'Università Federico II di Napoli$ev. Università, 100 Palazzo Reale, 80055 Portici (NA)$m081-2539322$m081-7760229$nit AP1 8 $6866-02$aNA163 Biblioteca. Dipartimento di Scienze biologiche. Sez. di Biologia vegetale. Università degli studi di Napoli Federico II$ev. Foria,223, Napoli (NA)$m(081) 440681$m(081) 450165$nit AP2 40$aacnp.cib.unibo.it$nACNP Italian Union Catalogue of Serials$uhttp://acnp.cib.unibo.it/cgi-ser/start/it/cnr/df-p.tcl?catno=4126&language=ITALIANO&libr=&person=&B=1&libr_th=unina&proposto=NO